Borussia Mönchengladbach Kader 2022/23 - Statistiken

Allgemein
  • Dieses Quiz wurde 380 mal gespielt
  • Das Durchschnittsergebnis liegt bei 17 aus 27
Antwortstatistiken
Hint Antwort % Korrekt
TW Yann Sommer
98%
ST Marcus Thuram
94%
ST Alassane Pléa
93%
TW Tobias Sippel
89%
VER Nico Elvedi
88%
MIT Jonas Hofmann
84%
VER Ramy Bensebaini
83%
MIT Christoph Kramer
81%
MIT Lars Stindl
81%
MIT Manu Koné
76%
MIT Florian Neuhaus
75%
VER Ko Itakura
75%
VER Joe Scally
73%
VER Luca Netz
72%
VER Stefan Lainer
71%
VER Marvin Friedrich
70%
VER Tony Jantschke
70%
ST Patrick Hermann
68%
TW Jan Olschowsky
56%
MIT Hannes Wolf
43%
MIT Rocco Reitz
35%
VER Mamadou Doucouré
30%
ST Yvandro Borges Sanches
28%
MIT Oscar Fraulo
26%
VER Jordan Beyer
25%
MIT Conor Noß
20%
MIT Torben Müsel
18%
Keine übereinstimmenden Quizze gefunden
Verteilung der Resultate
Anzahl Personen mit jedem Resultat
Perzentil nach korrekt beantworteten Fragen
Ihre Resultats-Entwicklung
Sie haben dieses Quiz noch nicht gespielt